1427 1709 1108 1088 1165 1610 1203 1845 1396 1985 1458 1249 1654 1860 1900 1651 1242 1036 1011 1424 1362 1286 1347 1670 1970 1076 1740 1663 1845 1075 1336 1070 1086 1929 1232 1275 1386 1160 1693 1476 1484 1090 1879 1618 1277 1468 1419 1192 1646 1603 1473 1472 1440 1592 1462 1795 1620 1169 1640 1222 1480 1530 1228 1403 1843 1752 1885 1174 1856 1456 1834 1263 1136 1953 1219 1693 1865 1597 1946 1968 1006 1103 1944 1214 1043 1116 1922 1331 1812 1834 1458 1730 1750 1416 1327 1483 1103 1225 1865 BCNSPRNW ULIB Ver.6.0+V

เปลี่ยนเป็นภาษาไทย

Change to English
 แสดงรายละเอียดบรรณานุกรม
  กลับหน้าหลัก

Brief Record : Get Marc (ISO 2709) : E-mail record : QR code < ปิดหน้าต่าง
LEADER : 00000nam 2200000uu 4500
001    13399112688
003     ULIB
008    110220s2549||||th 000 0 tha d
099    วจ.WM171^bอ383ค
100 0  อรัญญา บุญธรรม
245 00 ความซึมเศร้าและความคิดอัตโนมัติด้านลบในผู้เสพติดสุราเรื้อรัง/^cอรัญญา บุญธรรม
260    จันทบุรี:^bวิทยาลัยพยาบาลพระปกเกล้า จันทบุรี,^c2549
300    74 หน้า
650  7 ความคิดอัตโนมัติด้านลบ^xวิจัย
650  7 ความซึมเศร้า^xวิจัย
650  7 ผู้เสพติดสุรา
710 2  วิทยาลัยพยาบาลพระปกเกล้า จันทบุรี
945    ^p0^l0^i019109
995    ทศพร
999 ^a ใช้งานได้ทุกระบบ
รายการนี้ยังไม่มีแท็ก
คุณยังไม่ได้ล็อกอิน คุณสามารถมีกิจกรรมร่วมกับเว็บไซต์ได้ แต่ต้องล็อกอินก่อน ::
  ล็อกอิน

รายการสื่อสารสนเทศ

ลำดับที่ ประเภท เลขเรียก/บาร์โค้ด สถานที่ สถานะ
- ไม่พบข้อมูล -

BibComment


ยังไม่เคยถูกคอมเมนท์

คอมเมนท์ทรัพยากรรายการนี้
  คอมเมนท์: ความซึมเศร้าและคว..


 Copyright 2026. Bcnsprnw @Library